000 00660nam a2200181 4500
001 108968
003 ES-MaACL
005 20250818063054.0
007 t|
008 061121s1965 sp r ||||1| spa d
100 1 _aMoore, Thomas Verner,
_d1877-1969
_982829
245 1 0 _aSantidad heróica y demencia
_b: Introducción a la vida espiritual y a la higiene mental /
_cpor Moore Thomas Verner , cartujo ; versión española por Juan Fábregas Camí.
260 _aBarcelona :
_bJuan Flors,
_c1965.
300 _aXI, 298 p. ;
_c22 cm.
700 1 _aFábregas Camí, Juan.
_948558
852 _aES-MaACL
_jC-28042
_bR.57459
999 _c108968
_d108968